| 000 | 00413nam a22001457a 4500 | ||
|---|---|---|---|
| 003 | OSt | ||
| 082 |
_a631.75807 _bSHA/DE |
||
| 088 | _aT 597 | ||
| 100 |
_aShahala M _95731 |
||
| 245 | _aDevelopment and evaluation of automated data acquisition NFT hydroponics system / | ||
| 260 | _bDEPARTMENT OF SOIL AND WATER CONSERVATION ENGINEERING | ||
| 300 | _a191p. | ||
| 700 |
_aShyla Joseph (Guide) _95732 |
||
| 942 | _cTH | ||
| 999 |
_c18064 _d18064 |
||